MARC

Tag First Indicator Second Indicator Subfields
LEADER 00000cem a2200000 a 4500
001 in00002782945
005 20150922151258.0
007 aj canzn
008 070816s2006 nyu a s 1 eng
010 |a  2007625758 
029 1 |a AU@  |b 000042106947 
034 0 |a a 
035 |a (OCoLC)ocm85452021 
035 |a (OCoLC)85452021 
040 |a DLC  |b eng  |c DLC  |d NYP  |d OCLCQ  |d TXA  |d UtOrBLW 
043 |a n-us-ny 
049 |a TXAM 
050 0 0 |a G3801.E635 2006  |b .H4 
052 |a 3801 
052 |a 3802  |b H9 
052 |a 3894  |b N4 
110 2 |a Heritage New York. 
245 1 0 |a New York State Revolutionary War heritage trail /  |c Heritage New York, Governor George E. Pataki. 
246 1 |i Title in upper margin:  |a Revolutionary War heritage trail :  |b to understand the American Revolution, come to New York State 
255 |a Scale not given. 
264 1 |a Albany :  |b Heritage New York,  |c [2006?] 
300 |a 1 map :  |b color ;  |c 30 x 39 cm., on sheet 68 x 60 cm., folded to 23 x 10 cm. 
336 |a cartographic image  |b cri  |2 rdacontent 
337 |a unmediated  |b n  |2 rdamedia 
338 |a sheet  |b nb  |2 rdacarrier 
500 |a Shows Revolutionary-War-related historic sites. Does not show a designated trail route. 
500 |a Relief shown by shading. 
500 |a Panel title. 
500 |a Includes text, descriptive index of historic sites, ancillary map of "The strategic Hudson River Valley", and col. ill. 
500 |a Text and ill. (some col.) on verso. 
500 |a Maps on verso: New York City invaded and occupied -- Native Americans in colonial New York, from British North America in 1775 -- 1775 Campaign [troop movements in N.Y. State]. 
500 |a Cartographic material. 
650 0 |a Historic sites  |z New York (State)  |v Maps. 
650 0 |a Historic sites  |z Hudson River Valley (N.Y. and N.J.)  |v Maps. 
650 0 |a Historic sites  |z New York (State)  |z New York  |v Maps. 
650 0 |a Heritage tourism  |z New York (State)  |v Maps. 
650 0 |a Heritage tourism  |z Hudson River Valley (N.Y. and N.J.)  |v Maps. 
651 0 |a New York (State)  |x History  |y Revolution, 1775-1783  |v Maps. 
655 7 |a Tourist maps.  |2 lcgft 
948 |a Cataloged  |b h  |c 2012/11/27  |d c  |e smckenzi 
994 |a C0  |b TXA 
999 |a MARS 
999 f f |s a6c0a69b-c9b8-3e96-8e27-a434c7da9673  |i b425991e-c018-34da-bb03-72485b838d18  |t 0 
952 f f |p normal  |a Texas A&M University  |b College Station  |c Sterling C. Evans Library  |d Evans: Maps (2nd floor)  |t 0  |e G3801.E635 2006 .H4  |h Library of Congress classification  |i unmediated -- sheet  |m A14832548219 
998 f f |a G3801.E635 2006 .H4  |t 0  |l Evans: Maps (2nd floor)